000 00762nam a2200217 i 4500
001 bg
100 1 _aKRYNICKI, Jarosław
245 1 0 _aRachunkowość 2002 :
_bwdrażanie zmian : leasing, różnice kursowe, podatek odroczony, kontrakty długoterminowe /
_cJarosław Krynicki, Jerzy Trzemżalski.
260 _aGdańsk :
_bOśrodek Doradztwa i Doskonalenia Kadr,
_c2001.
300 _a125 s. ;
_c24 cm.
650 9 _aRachunkowość
_xprawo
_zPolska
_ystan na 2002 r.
650 9 _aPrzedsiębiorstwo
_xfinanse
_xprawo
_zPolska
_ystan na 2002 r.
700 1 _aTRZEMŻALSKI, Jerzy
020 _a8371875703
040 _cBPK
041 0 _apl
080 _a657:346.52](438)
920 _a83-71875-70-3
942 _cKS
008 s pl f |000 0 pol
999 _c40420
_d40420
856 _uhttp://koha.tu.koszalin.pl/cgi-bin/koha/opac-detail.pl?biblionumber=40420
_yKatalog online BPK